Marches aleatories sur les groupes de Lie

Αποθηκεύτηκε σε:
Λεπτομέρειες βιβλιογραφικής εγγραφής
Κύριος συγγραφέας: Guivarc'h, Y.
Άλλοι συγγραφείς: Keane, Michael, Roynette, Bernard
Μορφή: Βιβλίο
Γλώσσα:French
Δημοσίευση: Berlin : Springer-Verlag, 1977
Σειρά:Lecture notes in mathematics (Springer-Verlag) ; 624
Θέματα:
Ετικέτες: Προσθήκη ετικέτας
Δεν υπάρχουν, Καταχωρήστε ετικέτα πρώτοι!

MARC

LEADER 00000cam a2200000 i 4500
001 1/59685
008 941103s1977 fre d
020 |a 3-540-08526-2 
035 |a 1993  |l 10046121 
040 |a GR-MY-UA  |b gre  |e aacr 
041 0 |a fre 
082 0 |a 512.55 
100 1 |a Guivarc'h, Y. 
245 1 0 |a Marches aleatories sur les groupes de Lie /  |c Yves Guivarc'h, Michael Keane, Bernard Roynette 
260 |a Berlin :   |b Springer-Verlag,   |c 1977 
300 |a vii, 292 p.;  |c 25 cm. 
490 1 |a Lecture notes in mathematics (Springer-Verlag)  |v ; 624 
500 |a Includes bibliographical references 
650 0 0 |a Lie groups. 
650 0 0 |a Random walks (Mathematics) 
700 1 |a Keane, Michael. 
700 1 |a Roynette, Bernard. 
830 0 |a Lecture notes in mathematics (Springer-Verlag)  |v ; 624 
852 |a INST  |b SAMOS  |e 19941103  |h 512.55 GUI  |p 005300008282  |q 005300008282  |t BK  |y 0 
909 |a Σ  |b 028855